01320nab a22002657a 4500999001500000003000400015005001700019008004100036040001100077100003300088245012900121260007300250300001300323500015400336505011500490505008900605650003400694650003200728650003300760650003100793650002700824700003900851773015100890942001301041 c5316d5316OSt20250218125043.0190603e xxum|||| |||| 00| 0 spa d cPJ-TDF 95441aNegri, Nicolás Jorge10aInteligencia artificial. ¿Colapso del sistema maestro de responsabilidad civil? /cNicolás J. Negri , Pablo N. Guerreiro. cCiudad Autónoma de Buenos Aires :aThomson Reuters La Ley, b2024. ap. 57-74 aCita: TR LALEY AR/DOC/1979/2024. Publicado en: R.C.C. y C. 2024 (Septiembre-Octubre). EDICIÓN ESPECIAL: XXIX Jornadas Nacionales de Derecho Civil. aSumario: I. Introducción.— II. Nociones generales.— III. Derecho de daños.— IV. Reflexiones finales. t¿Te interesa el texto completo? Solicitalo al correo: koha@justierradelfuego.gov.ar 095817aINTELIGENCIA ARTIFICIAL 091467aRESPONSABILIDAD CIVIL 096081aCIENCIA Y TECNOLOGÍA 092823aDAÑOS Y PERJUICIOS 09234aDERECHO COMPARADO 96366aGuerreiro, Pablo N.ecoautor0 0271393170dCiudad Autónoma de Buenos Aires : Thomson Reuters La Ley, 2015-tRevista Código Civil y Comercial. Nº 5 - Septiembre-Octubre 2024 2udccANA